| 000 | 00514nam a2200205Ia 4500 | ||
|---|---|---|---|
| 003 | OSt | ||
| 005 | 20220927114454.0 | ||
| 006 | a|||||r|||| 00| 0 | ||
| 007 | ta | ||
| 008 | 220926b |||||||| |||| 00| 0 eng d | ||
| 024 | _a150500 | ||
| 037 | _cTextbook | ||
| 040 |
_aRTL _cRTL _beng |
||
| 041 |
_2eng _aeng |
||
| 082 | _a"X, TD" | ||
| 100 |
_aSUNDARM K _9388805 |
||
| 245 | 0 |
_aGrowth of work opportunities in India _b 1983-1999-2000 |
|
| 942 |
_h"X, TD" _cCC |
||
| 999 |
_c704729 _d704729 |
||